000 00641nam a2200181Ia 4500
008 151018s9999 xx 000 0 und d
082 _bRBASDV4717
_a891.463
100 _aहरी नारायण आपटे
245 _aगड आला पण सिंह गेला
250 _b19
260 _bके ग शारंगपाणी
_c1951
300 _a144
600 _aहरी नारायण आपटे
630 _aगड आला पण सिंह गेला
700 _aहरी नारायण आपटे
730 _aगड आला पण सिंह गेला
942 _cBOOK
999 _c1007103
_d1007100